logo

Bir Sreshtho Munshi Abdur Rouf Library
Jhenaidah Cadet College

Waves and our universe / (Record no. 8216)

MARC details
000 -LEADER
fixed length control field 00837nam a2200325 a 4500
001 - CONTROL NUMBER
JCCL Control Number 8216
003 - CONTROL NUMBER IDENTIFIER
JCCL marc code UkOxU
005 - DATE AND TIME OF LATEST TRANSACTION
control field 20210930134020.0
008 - FIXED-LENGTH DATA ELEMENTS--GENERAL INFORMATION
fixed length control field 040326s2006 enka 001 0 eng d
020 ## - INTERNATIONAL STANDARD BOOK NUMBER
International Standard Book Number 0748776656
035 ## - SYSTEM CONTROL NUMBER
system control number (BD-JhCC)8216
040 ## - CATALOGING SOURCE
Original cataloging agency BD-JhCC
Modifying agency BD-JhCC
041 ## - LANGUAGE CODE
Language code of Book eng
082 ## - DEWEY DECIMAL CLASSIFICATION NUMBER
Classification number 530.124
Author mark and Year ELL 2006
100 1# - MAIN ENTRY--PERSONAL NAME
Personal name Ellse, Mark.
245 10 - TITLE STATEMENT
Title Waves and our universe /
Statement of responsibility, etc Mark Ellse, Chris Honeywill.
250 ## - EDITION STATEMENT
Edition statement Rev. ed.
260 ## - PUBLICATION, DISTRIBUTION, ETC. (IMPRINT)
Place of publication, distribution, etc Cheltenham :
Name of publisher, distributor, etc Nelson Thornes,
Date of publication, distribution, etc 2006.
300 ## - PHYSICAL DESCRIPTION
Pagination iv, 76 p. :
Other physical details ill. ;
Dimensions 28 cm.
650 #0 - SUBJECT ADDED ENTRY--TOPICAL TERM
Topical term or geographic name as entry element Waves.
650 #0 - SUBJECT ADDED ENTRY--TOPICAL TERM
Topical term or geographic name as entry element Oscillations.
650 #0 - SUBJECT ADDED ENTRY--TOPICAL TERM
Topical term or geographic name as entry element Cosmology.
650 #0 - SUBJECT ADDED ENTRY--TOPICAL TERM
Topical term or geographic name as entry element Big bang theory.
650 #0 - SUBJECT ADDED ENTRY--TOPICAL TERM
Topical term or geographic name as entry element Stars
General subdivision Spectra.
650 #0 - SUBJECT ADDED ENTRY--TOPICAL TERM
Topical term or geographic name as entry element Quantum theory.
700 1# - ADDED ENTRY--PERSONAL NAME
Personal name Honeywill, Chris.
830 #0 - SERIES ADDED ENTRY--UNIFORM TITLE
Uniform title Nelson advanced science
942 ## - ADDED ENTRY ELEMENTS (KOHA)
Source of classification or shelving scheme Dewey Decimal Classification
Koha item type Books
Koha issues (borrowed), all copies 2
Holdings
Source of classification or shelving scheme Damaged status Not for loan Home library Current library Shelving location Date of accession Source of acquisition Total Checkouts Full call number Barcode Date last seen Date checked out Copy number Koha item type
Dewey Decimal Classification     JCC Rouf Library JCC Rouf Library General Stacks 08/06/2023 Md.Nasser shahrear Zahedee 3 530.124 ELL 2006 10765 11/09/2024 11/04/2024 C - 1 Books
Dewey Decimal Classification     JCC Rouf Library JCC Rouf Library General Stacks   Md.Nasser shahrear Zahedee   530.124 ELL 2006 10764 02/19/2018   C-2 Books

JCC Library | Contacts | JCC Home

Last Update on 23 September 2017
Copyright @ 2017-2020 JCC Rouf Library
Rouf Library, Jhenidah Cadet College (JCC), Bangladesh